Melanchólia

Bibliographic Details
Main Author: Maťašovská, Emma (Author)
Format: Book
Language:Slovak
PhysicalDescription:43 strán 25 cm
Published: [Behynce] Emma Maťašovská 2025
ISBN:9788057066354
Edition:Prvév ydanie
Subjects:

MARC

LEADER 00000cam a2200000 4500
001 vtls012278001
003 SK-MaSNL
005 20260301232221.0
008 250612s2025 xo g 000 p slo
015 |a SNBA2025/06 
020 |a 9788057066354  |q (brožované) 
040 |a SNK  |b slo  |c SNK  |e rda 
041 0 |a slo 
044 |a xo  |c SK 
072 7 |a 821.162.4-1  |x Slovenská poézia  |2 konspekt 
080 |a 821.162.4-1  |2 2011 
100 1 |a Maťašovská, Emma  |4 aut  |9 570678 
245 1 0 |a Melanchólia  |c Emma Maťašovská 
250 |a Prvév ydanie 
264 1 |a [Behynce]  |b Emma Maťašovská  |c 2025 
300 |a 43 strán  |c 25 cm 
336 |a text  |b txt  |2 rdacontent 
337 |a bez média  |b n  |2 rdamedia 
338 |a zväzok  |b nc  |2 rdacarrier 
500 |a Miesto vydania podľa NA ISBN 
655 7 |a slovenská poézia  |2 SNKPH  |9 70444 
655 7 |a Slovak poetry  |2 SNKPHeng  |9 265010 
852 |a Slovenská národná knižnica 
919 |a 978-80-570-6635-4 
954 |a beletria pôvodná (slovenská)  |2 lita 
958 |a LX 
964 9 |a Emma Maťašovská (Tornaľa, Slovensko) 
999 |c 960800  |d 962730 
952 |a SNK  |b SNK  |y PREZ  |7 0  |p 17A1567045  |o snkSC 210779  |i snk2025/9351  |8 0  |0 0  |1 0  |4 0  |d 2025-06-12  |l 0  |r 2026-02-24 10:18:05  |w 2026-02-24 
952 |a SNK  |b SNK  |y VYP  |7 0  |p 17A1575725  |o snkSC 210779 D1  |i snk2025/10625  |8 0  |0 0  |1 0  |4 0  |d 2025-07-07  |l 0  |r 2026-02-24 10:18:05  |w 2026-02-24